Estatísticas para Os 15 principais países afetados pela Covid-19 - 11 de maio 2022

Clique aqui para jogar o quiz

Estatísticas Gerais

  • Esse quiz foi jogado 25 vezes
  • A pontuação média é 15 de 29

Estatísticas das Respostas

país% Correto
Brasil
100%
Estados Unidos
100%
Rússia
95%
França
91%
Índia
91%
Itália
91%
Argentina
86%
Espanha
86%
Alemanha
82%
Japão
82%
Reino Unido
82%
Portugal
68%
Coreia do Sul
50%
Suíça
50%
Países Baixos
45%
Países Baixos
45%
Bélgica
41%
Dinamarca
41%
Turquia
36%
Áustria
27%
Chéquia
18%
Eslovénia
18%
Israel
18%
Estônia
14%
Geórgia
14%
Letónia
14%
Chipre
9%
Lituânia
9%
Vietname
9%

Distribuição das Pontuações

Percentil de Números Respondidos

Porcentagem de Pessoas com Cada Pontuação

Sua Pontuação Histórica

Você não jogou esse quiz